Star Wars Species by Picture - Statistics

General Stats
  • This quiz has been taken 329 times
    34 since last reset
  • The average score is 20 of 40
Answer Stats
Picture Answer % Correct
Ewok
100%
Gungan
100%
Jawa
96%
Human
92%
Hutt
92%
Twi'lek
92%
Geonosian
77%
Mon Calamari
77%
Tusken
77%
Kaminoan
73%
Rodian
62%
Togruta
62%
Wookiee
62%
Pyke
54%
Zabrak
50%
Quarren
46%
Toydarian
46%
Trandoshan
46%
Chiss
42%
Lasat
42%
Neimoidian
42%
Dug
38%
Duro
38%
Gamorrean
38%
Pantoran
38%
Sullustan
38%
Bith
35%
Ugnaught
35%
Weequay
35%
Muun
31%
Pau'an
31%
Cerean
27%
Ithorian
27%
Devaronian
23%
Aqualish
19%
Chagrian
19%
Mirialan
19%
Besalisk
15%
Clawdite
15%
Iktotchi
15%
No matching quizzes found
Score Distribution
Percent of People with Each Score
Percentile by Number Answered
Your Score History
You have not taken this quiz since the last reset